000 00518nam a22002051c 4500
001 a987688600
008 171102s1924 gw |||| 000u ger d
041 _ager
100 1 _aSinowjew, G.
245 0 4 _aDer Krieg und die Krise des Sozialismus
264 _aWien :
_bVerl. f. Lit. u. Politik,
_c1924
300 _a667 Seiten
650 0 _aImperialismus
650 0 _aSozialismus
650 0 _aWeltkrieg <1914-1918>
651 0 _aGroßbritannien
942 _cMG
040 _cRU-10907106
003 RU-10907106
999 _c46539
_d46539